History Quiz

Random History or Grab Bag Quiz

March 27th Mini Trivia Quiz Stats

 Plays Quiz Updated Mar 27, 2012

Challenge
Share
Tweet
Embed
Score 0/10 Timer 02:00
0 Plays Today
March 27th Clue Answer % Correct
In 1998, the FDA approved this impotence drug made by Pfizer that comes in little blue pills.Viagra
92.2%
In 1968, Yuri Gagarin, the first man in space, died in a training mission in this country.USSR
92%
In 1980, the price of this precious metal falls after the Hunt brothers tried to corner the market on it.silver
90.4%
In 1964, the Good Friday earthquake causes massive damage in Anchorage in this US state.Alaska
89.4%
In 1986, this singer, who died in 2012, had a number 1 hit in the US with 'The Greatest Love of All.'Whitney Houston
84.8%
In 1306, Robert the Bruce is crowned the king of this kingdom which is now part of the UK.Scotland
80.3%
In 1963, this director of 'Pulp Fiction,' 'Kill Bill' and 'Inglourious Basterds' was born.Quentin Tarantino
72.6%
In 1909, this form of criminal evidence was first used by Scotland Yard in a murder case.fingerprints
70.9%
In 1814, this future US President defeats the Creek tribe at the Battle of Horseshoe BendAndrew Jackson
54.6%
In 1971, Nathan Fillion, who currently plays the title crimesolving novelist on this ABC TV show, was born.Castle
40.6%

You're not logged in!

Compare scores with friends on all Sporcle quizzes.
Join for Free
OR
Log In

You Might Also Like...

Show Comments

Extras

Top Quizzes Today


Score Distribution

Your Account Isn't Verified!

In order to create a playlist on Sporcle, you need to verify the email address you used during registration. Go to your Sporcle Settings to finish the process.

Report this User

Report this user for behavior that violates our Community Guidelines.

Details: